000 03316nas1a22005051i 4500
001 RU\NLR\INFOCOMM17\1000405831
005 20260406181425.0
035 _a(NLR Aleph) 002473638
090 _a2360510
_c2360510
100 _a20040408c1972 |||y0rusy50 ca
101 0 _arus
102 _aRU
110 _aayu||||0|y0
200 1 _aКонъюнктура торговли потребительской кооперации
_fЦентросоюз. Центр. науч.-исслед. лаб. по изучению спроса. ЦНИЛС.
210 _aМ.
_d1972-
421 1 _12001#$aКонъюнктурные обозрения
_1210##$d1976
_1311##$aк Полугодию 1
_tКонъюнктурные обозрения
421 1 _12001#$aКонъюнктурные обозрения
_1210##$d1976
_1311##$aК янв./сент.
_tКонъюнктурные обозрения
421 0 _12001#$aКонъюнктурные обозрения
_1210##$d1975
_1215##$a[1], 20 с.
_tКонъюнктурные обозрения
430 1 _12001#$aОбзор конъюнктуры торговли потребительской кооперации
_tОбзор конъюнктуры торговли потребительской кооперации
712 0 2 _4570
_aЦентральная научно-исследовательская лаборатория по изучению спроса
_cМосква
_3RU\NLR\AUTH\889946229
_9388028
801 1 _aRU
_bInfoComm
_c20040408
801 0 _aRU
_bNLR
_gPSBO
852 _aNLR
_jП22/3713
942 _cJOURNAL
980 _aRUSPER